00294nam a2200097 a 450000500170000000800410001705000180005810000270007624500500010326000430015320140414131856.0100827s19uu xx 00 eng d aFILbAl1 2008 aPastor, Boots Agbayani aAlamat ng saging :bThe legend of the banana. aManila, Philippines :bLampara,c2008.